Conservación de la biodiversidad en Chile : actores y territorio, la conectividad que falta /

Desde inicios de la década de 1990, un numero creciente y cada vez más significativo de agentes privados comenzó a desarrollar diversas iniciativas de conservación de biodiversidad, contribuyendo de este modo a la que habitualmente había sido vista como una función prioritaria del estado. Entre esta...

Descripción completa

Detalles Bibliográficos
Autor principal: Sepúlveda Luque, Claudia
Formato: Analitica de revista
Lenguaje:español
Acceso en línea:Acceso electrónico al documento

MARC

LEADER 00000cab a2200000 a 4500
001 041514
003 UAHC_CL
005 20170803124603.0
008 050504b xx j 000 1 spa
040 |a UAHC_CL  |c UAHC_CL  |d UAHC_CL 
100 1 |a Sepúlveda Luque, Claudia 
245 1 0 |a Conservación de la biodiversidad en Chile :  |b actores y territorio, la conectividad que falta /  |c Claudia Sepúlveda Luque. 
500 |a SEPULVEDA LUQUE, Claudia. Conservación de la biodiversidad en Chile: actores y territorio, la conectividad que falta. Rev. austral cienc. soc., 2003, no.7, p.111-128. ISSN 0718-1795. 
500 |a SEPULVEDA LUQUE, Claudia. Conservación de la biodiversidad en Chile: actores y territorio, la conectividad que falta. Rev. austral cienc. soc., 2003, no.7, p.111-128. ISSN 0718-1795. 
520 |a Desde inicios de la década de 1990, un numero creciente y cada vez más significativo de agentes privados comenzó a desarrollar diversas iniciativas de conservación de biodiversidad, contribuyendo de este modo a la que habitualmente había sido vista como una función prioritaria del estado. Entre estas iniciativas tal vez las más conspicuas son las áreas silvestres protegidas de propiedad privada que ya suman mas de 200 en el país y cubren una superficie superior a las 500 mil hectáreas. Ellas incluyen una amplia variedad - desde parques y reservas, hasta proyectos de desarrollo eco-mobiliario- lo que refleja la diversidad de motivaciones que mueven a sus gestores, que van desde la filantropía pura hasta interés comercial. Los gestores son desde simples ciudadanos y sus familias hasta empresas (inmobiliarias, eco turísticas, forestales). ONGs y comunidades indígenas. Este articulo explora las posibilidades que abre la cooperación publico-privada para la conservación biológica. Se toma como caso de análisis de Décima Región de los Lagos profundizando en el perfil de las áreas protegidas privadas existentes, su localización, motivaciones, necesidades de apoyo y aportes a la conservación, y concluyendo con recomendaciones sobre como avanzar hacia la necesaria conectividad entre actores y territorios. 
520 |a Desde inicios de la década de 1990, un numero creciente y cada vez más significativo de agentes privados comenzó a desarrollar diversas iniciativas de conservación de biodiversidad, contribuyendo de este modo a la que habitualmente había sido vista como una función prioritaria del estado. Entre estas iniciativas tal vez las más conspicuas son las áreas silvestres protegidas de propiedad privada que ya suman mas de 200 en el país y cubren una superficie superior a las 500 mil hectáreas. Ellas incluyen una amplia variedad - desde parques y reservas, hasta proyectos de desarrollo eco-mobiliario- lo que refleja la diversidad de motivaciones que mueven a sus gestores, que van desde la filantropía pura hasta interés comercial. Los gestores son desde simples ciudadanos y sus familias hasta empresas (inmobiliarias, eco turísticas, forestales). ONGs y comunidades indígenas. Este articulo explora las posibilidades que abre la cooperación publico-privada para la conservación biológica. Se toma como caso de análisis de Décima Región de los Lagos profundizando en el perfil de las áreas protegidas privadas existentes, su localización, motivaciones, necesidades de apoyo y aportes a la conservación, y concluyendo con recomendaciones sobre como avanzar hacia la necesaria conectividad entre actores y territorios. 
759 |a PP118 
773 0 |t Revista austral de ciencias sociales.  |w 039362 
856 |u http://mingaonline.uach.cl/pdf/racs/n7/art09.pdf  |3 Acceso electrónico al documento  |y Acceso electrónico al documento 
856 |u http://mingaonline.uach.cl/pdf/racs/n7/art09.pdf  |3 Acceso electrónico al documento  |y Acceso electrónico al documento 
900 |a REVISTA AUSTRAL DE CS. SOCIALES-07/03 
942 |c REVA 
952 |0 0  |1 0  |4 0  |6 REVISTA_AUSTRAL_DE_CS__SOCIALES07_03_000000000000000  |7 0  |8 General  |9 77863  |a BC  |b BC  |c General  |d 2017-08-03  |l 0  |o REVISTA AUSTRAL DE CS. SOCIALES-07/03  |p FICTICIO7059  |r 2019-01-08 00:00:00  |t 1  |w 2017-08-03  |y REVA 
999 |c 41514  |d 41514